000
00268nam a2200109Ia 4500
008
201217s9999 xx 000 0 und d
100
_a
Long, Larry
245
0
_a
Management Information Systems
260
_a
Englewood Cliffs
_b
Prentice Hall
300
_a
363
942
_c
BK
999
_c
7879
_d
7879